000 00973nam a2200253 a 4500
001 49386
003 BD-RjUL
005 20211209054656.0
008 160820s1956 ii |||| ||| 000 0 ben d
020 _c: Tk. 2.00
035 _a(BD-RjUL)49505
040 _aBD-RjUL
_bben
_cBD-RjUL
_dBD-RjUL
041 _aben
082 _223
_a891.73
_bTAN 1956
100 1 _aটলস্টয়, লিও
_9148255
245 1 0 _aনীড় /
_cলিও টলস্টয় ; অনুবাদ :অমিয়কুমার চক্রবতী
250 _a২য় সং.
260 _aকলিকাতা :
_bঅভ্যুদয় প্রকাশ-মন্দির,
_c১৯৫৬ [১৩৬৩]
300 _a১৪৪ পৃ. ;
_c১৮ সেমি.
650 _aরাশিয়ান উপন্যাস
_9148256
650 _aRussian fiction
_9122083
700 _aচক্রবতী, অমিয়কুমার
_9148257
942 _2ddc
_cBK
999 _c49386
_d49386